Seerat-un-nabi : (Record no. 541247)
[ view plain ]
| 000 -LEADER | |
|---|---|
| fixed length control field | 01054cam a2200301 a 4500 |
| 001 - CONTROL NUMBER | |
| control field | 3311993 |
| 003 - CONTROL NUMBER IDENTIFIER | |
| control field | NUST |
| 005 - DATE AND TIME OF LATEST TRANSACTION | |
| control field | 20210902085303.0 |
| 008 - FIXED-LENGTH DATA ELEMENTS--GENERAL INFORMATION | |
| fixed length control field | 831230r1979 ii b 001 0beng |
| 010 ## - LIBRARY OF CONGRESS CONTROL NUMBER | |
| LC control number | 83905426 |
| 038 ## - RECORD CONTENT LICENSOR | |
| Staff Name | Arshad |
| 040 ## - CATALOGING SOURCE | |
| Original cataloging agency | DLC |
| Transcribing agency | DLC |
| Modifying agency | DLC |
| -- | OCoLC |
| -- | DLC |
| 050 00 - LIBRARY OF CONGRESS CALL NUMBER | |
| Classification number | BP75 |
| Item number | .S48913 1983 |
| 082 00 - DEWEY DECIMAL CLASSIFICATION NUMBER | |
| Classification number | 297.63 |
| Author Mark | NAD |
| 100 0# - MAIN ENTRY--PERSONAL NAME | |
| Personal name | Syed Suleman Nadvi |
| Dates associated with a name | 1857-1914. |
| 9 (RLIN) | 35634 |
| 240 10 - UNIFORM TITLE | |
| Uniform title | Sīratunnabī. |
| Language of a work | English |
| 245 10 - TITLE STATEMENT | |
| Title | Seerat-un-nabi : |
| Remainder of title | the life of the Prophet / |
| Statement of responsibility, etc. | by Shibli Nuʼmāni ; Syed Suleman Nadvi |
| 260 ## - PUBLICATION, DISTRIBUTION, ETC. | |
| Place of publication, distribution, etc. | Delhi, India : |
| Name of publisher, distributor, etc. | Idarah-i Adabiyat-i Delli, |
| Date of publication, distribution, etc. | 1983 |
| 300 ## - PHYSICAL DESCRIPTION | |
| Extent | v. <6 > ; |
| Dimensions | 22 cm. |
| 490 1# - SERIES STATEMENT | |
| Series statement | IAD religio-philosophy (reprint) series ; |
| Volume/sequential designation | no. 35-<36 > |
| 500 ## - GENERAL NOTE | |
| General note | Translation of Sīratunnabi. |
| 504 ## - BIBLIOGRAPHY, ETC. NOTE | |
| Bibliography, etc. note | Includes bibliographical references and index. |
| 563 ## - BINDING INFORMATION | |
| Binding note | HBK |
| 600 00 - SUBJECT ADDED ENTRY--PERSONAL NAME | |
| Personal name | Muḥammad, |
| Titles and other words associated with a name | Prophet, |
| Dates associated with a name | -632 |
| Form subdivision | Biography. |
| 9 (RLIN) | 3306 |
| 830 #0 - SERIES ADDED ENTRY--UNIFORM TITLE | |
| Uniform title | IAD religio-philosophy (reprint) series ; |
| Volume/sequential designation | no. 35, etc. |
| 9 (RLIN) | 35635 |
| 906 ## - LOCAL DATA ELEMENT F, LDF (RLIN) | |
| a | 7 |
| b | cbc |
| c | orignew |
| d | 2 |
| e | ncip |
| f | 19 |
| g | y-gencatlg |
| 942 ## - ADDED ENTRY ELEMENTS (KOHA) | |
| Source of classification or shelving scheme | |
| Koha item type | Book |
| Withdrawn status | Lost status | Source of classification or shelving scheme | Damaged status | Not for loan | Permanent Location | Current Location | Shelving location | Date acquired | Total Checkouts | Total Renewals | Full call number | Barcode | Date last seen | Date last checked out | Price effective from | Koha item type |
|---|---|---|---|---|---|---|---|---|---|---|---|---|---|---|---|---|
| Central Library (CL) | Central Library (CL) | First Floor - Islam | 01/28/2021 | 1 | 2 | 297.63 NAD | CL3063 | 01/20/2023 | 12/28/2021 | 01/28/2021 | Book |
